000 00643nam a2200241Ia 4500
003 OSt
005 20220918222501.0
006 a|||||r|||| 00| 0
007 ta
008 220917b |||||||| |||| 00| 0 eng d
024 _a217,047
037 _cTextual
040 _aARTS
_cARTS
_beng
041 _2eng
_aeng
082 _aV2:51xM27, P2
100 _aDeshpande G P Ed.
_9143285
245 0 _aSelected writings of Jotirao Phule
260 _aNew Delhi
_bLeft Word India
_c2002
300 _axii, 247p
_ccm.
650 _aHISTORY
942 _hV2:51xM27, P2
_cTEXL
_2CC
999 _c275671
_d275671